Avengers MCU - Statistics

General Stats
  • This quiz has been taken 144 times
  • The average score is 17 of 28
Answer Stats
Joined Date Current Status Avenger % Correct
2012 Dead Iron Man
98%
2012 Retired Captain America
97%
2012 Active Hulk
97%
2012 Dead Black Widow
95%
2012 Active Thor
95%
2012 Retired Hawkeye
91%
2018 Active Spider-Man
84%
2015 Active Falcon
81%
2023 Active Ant-Man
80%
2015 Dead Scarlet Witch
78%
TBD Active Black Panther
76%
2015 Dead Vision
75%
2027 Active Winter Soldier
74%
2015 Dead Quicksilver
67%
2015 Active War Machine
66%
2023 Active Captain Marvel
62%
2018 Active Rocket Raccoon
50%
2018 Retired Nebula
41%
TBD Active Shang-Chi
36%
2027 Active Ghost
35%
2027 Active Red Guardian
35%
2027 Active Sentry
31%
2018 Active Okoye
28%
2027 Active U.S. Agent
27%
2027 Active Yelena Belova
26%
2027 Active Taskmaster
22%
TBD Active She-Hulk
21%
2026 Active The New Falcon
2%
No matching quizzes found
Score Distribution
Percent of People with Each Score
Percentile by Number Answered
Your Score History
You have not taken this quiz